| 000 | 00715nam a2200217Ia 4500 | ||
|---|---|---|---|
| 005 | 20260216120949.0 | ||
| 008 | 131103s9999 xx 000 0 und d | ||
| 040 | _aLoreto College | ||
| 041 | _aEnglish | ||
| 082 |
_a821.1 _bCHA-STA |
||
| 100 | _aChaucer,Geoffrey | ||
| 245 |
_aTroilus and Criseyde _cGeoffrey Chaucer; translated into modern English with preface,introduction,appendices and notes by Margaret Stanley - Wrench |
||
| 260 |
_aLondon _bContaur Press _c1965 |
||
| 300 | _a328 p. | ||
| 504 | _aIncludes appendices and notes and bibliographical references | ||
| 650 | _aEnglish Poetry | ||
| 651 | _aMedieval Poetry | ||
| 700 |
_aStanley - Wrench,Margaret _4tr. |
||
| 850 | _aLCBED | ||
| 942 | _cBK | ||
| 999 |
_c13120 _d63599 |
||